載入...

Electron-phonon structures

書目詳細資料
主要作者: Chakkis
出版: OUP 2010
LEADER 00170 a2200085 4500
100 |a Chakkis 
245 |a Electron-phonon structures 
260 |c 2010  |b OUP 
942 |c BB  |6 _ 
999 |c 70119  |d 70119